Geography and geographers: Anglo-American human geography since 1945 (Record no. 75855)
[ view plain ]
| 000 -LEADER | |
|---|---|
| fixed length control field | 00913nam a2200217 a 4500 |
| 008 - FIXED-LENGTH DATA ELEMENTS--GENERAL INFORMATION | |
| fixed length control field | 070207s2004 ||||||||||||||||| || u |
| 020 ## - INTERNATIONAL STANDARD BOOK NUMBER | |
| International Standard Book Number | 0340808608 |
| 050 ## - LIBRARY OF CONGRESS CALL NUMBER | |
| Classification number | GF 13 Joh. |
| 100 ## - MAIN ENTRY--PERSONAL NAME | |
| Personal name | Johnson, R.J |
| 245 10 - TITLE STATEMENT | |
| Title | Geography and geographers: Anglo-American human geography since 1945 |
| 250 ## - EDITION STATEMENT | |
| Edition statement | 6th ed. |
| 260 ## - PUBLICATION, DISTRIBUTION, ETC. | |
| Place of publication, distribution, etc. | London |
| Name of publisher, distributor, etc. | Hodder Arnold |
| Date of publication, distribution, etc. | 2004 |
| 300 ## - PHYSICAL DESCRIPTION | |
| Extent | xiv , 527p. : ill. |
| 350 ## - | |
| -- | 0.00 |
| 650 ## - SUBJECT ADDED ENTRY--TOPICAL TERM | |
| Topical term or geographic name entry element | GEOGRAPHY |
| 650 ## - SUBJECT ADDED ENTRY--TOPICAL TERM | |
| Topical term or geographic name entry element | HUMAN GEOGRAPHY--GREAT BRITAIN--HISTORY |
| 650 ## - SUBJECT ADDED ENTRY--TOPICAL TERM | |
| Topical term or geographic name entry element | HUMAN GEOGRAPHY--UNITED STATES--HISTORY |
| 700 ## - ADDED ENTRY--PERSONAL NAME | |
| Personal name | Sidaway, J.D |
| 995 ## - | |
| -- | MAIN LIBRARY OPEN ACCESS |
| -- | 0.00 |
| -- | 737546 |
| -- | CBU-MAIN LIBRARY (Kitwe) |
| -- | 1 |
| -- | 0.00 |
| -- | GF 13 Joh. |
| -- | 2 |
| -- | AVAILABLE |
| -- | Feb 7, 2007 |
| -- | 53058 |
| -- | Main Library Open Access Collection |
| 995 ## - | |
| -- | MAIN LIBRARY OPEN ACCESS |
| -- | 0.00 |
| -- | 737547 |
| -- | CBU-MAIN LIBRARY (Kitwe) |
| -- | 1 |
| -- | 0.00 |
| -- | GF 13 Joh. |
| -- | 1 |
| -- | AVAILABLE |
| -- | Feb 7, 2007 |
| -- | 53079 |
| -- | Main Library Open Access Collection |
| 999 ## - | |
| -- | 75855 |
| -- | 75855 |
| Withdrawn status | Lost status | Source of classification or shelving scheme | Damaged status | Not for loan | Permanent Location | Current Location | Shelving location | Date acquired | Total Checkouts | Full call number | Barcode | Date last seen | Copy number | Price effective from | Koha item type |
|---|---|---|---|---|---|---|---|---|---|---|---|---|---|---|---|
| CBU-MAIN LIBRARY, KITWE. | CBU-MAIN LIBRARY, KITWE. | 04/25/2023 | GF 13 Joh | 53058 | 04/25/2023 | 1 | 04/25/2023 | MONOGRAPH | |||||||
| CBU-MAIN LIBRARY, KITWE. | CBU-MAIN LIBRARY, KITWE. | 04/25/2023 | GF 13 Joh | 53079 | 04/25/2023 | 2 | 04/25/2023 | MONOGRAPH |